| 000 | 00414nam a2200157Ia 4500 | ||
|---|---|---|---|
| 008 | 210210b1999 xxu||||| |||| 00| 0 eng d | ||
| 082 | _a651.3 JAIM | ||
| 100 | _aJAIN (S P) and others. | ||
| 245 | _aModern office management. Rev Ed 7. | ||
| 250 | _a | ||
| 260 |
_aDelhi. _bDhanpat Rai & Co. Ltd., _c1999 |
||
| 300 | _avi,442 | ||
| 650 | _aOffice Management | ||
| 690 | _aOffice Management | ||
| 906 | _a054021 | ||
| 999 |
_c102228 _d102228 |
||